01092cam a2200301 i 450000100090000000300050000900500170001400800410003101000170007202000240008903800220011304000230013504200080015805000210016608200260018710000230021324502420023625000190047826400370049730000630053433600260059733700280062333800270065144000200067850400510069865000200074970000210076918071701NUST20210112110506.0140318s2014 nyua b 001 0 eng  a 2013372091 a9780073380322 (hbk) aSNS Library Staff aDLCbengerdacDLC apcc00aTA357b.C43 2014 a620.106 CEN 2014bCEN1 aÇengel, Yunus A.10aFluid Mechanics :bFundamentals and Applications cYunus A. Çengel, Department of Mechanical Engineering, University of Nevada, Reno, John M. Cimbala, Department of Mechanical and Nuclear Engineering, The Pennsylvania State University. aThird edition. 1aNew York :bMcGraw Hill,c[2014] axxii, 1000 pages :billustrations (chiefly color) ;c26 cm atextbtxt2rdacontent aunmediatedbn2rdamedia avolumebnc2rdacarrier aFluid Mechanics aIncludes bibliographical references and index. 0aFluid dynamics.1 aCimbala, John M.